| 000 | 00000nam##2200000za#4500 |
| 001 | 9.566475 |
| 003 | CaOODSP |
| 005 | 20210929082753 |
| 007 | cr ||||||||||| |
| 008 | 150406|2010||||xxc|||||o f|0| 0 eng|d |
| 020 | |a978-1-100-13682-0 |
| 040 | |aCaOODSP|beng |
| 043 | |an-cn--- |
| 086 | 1 |aFo143-2/420E-PDF |
| 110 | 1 |aCanada. |bNatural Resources Canada. |bCanadian Forest Service. |
| 245 | 12|aA survey of microorganisms from the spruce beetle in central British Columbia / |h[electronic resource]|c[by] L. Safranyik, H.S. Whitney, and K.P. Bleiker. |
| 260 | |aVictoria - British Columbia : |bNatural Resources Canada. |c2010. |
| 300 | |a28p.|breferences, tables |
| 490 | 1 |aInformation report [BC-X-series]|vBC-X-420 |
| 520 | 3 |aTwo-year cycle spruce beetle adults were collected from emergence traps installed on two types of hosts (stumps and windfalls) in two adjacent timber harvesting areas in central British Columbia over a 5-year period to determine the incidence of associated fungi, bacteria, yeasts, nematodes, and mites. |
| 546 | |a(Résumé en français) |
| 590 | |a10-17|b2010-04-30 |
| 690 | 07|aMicroorganisms|2gcpds |
| 776 | 0#|tA survey of microorganisms from the spruce beetle in central British Columbia / |w(CaOODSP)9.619481 |
| 830 | #0|aInformation report (Pacific Forestry Centre)|vBC-X-420|w(CaOODSP)9.504853 |
| 856 | 40|ahttp://publications.gc.ca|qPDF|s524 KB|uhttps://publications.gc.ca/collections/collection_2010/nrcan/Fo143-2-420-eng.pdf|yBC-X-420 |